000
00319nam a22001337a 4500
003
OSt
008
150418b xxu||||| |||| 00| 0 eng d
100
1
_a
Thomas, Shipley
041
_a
eng
050
0
0
_a
D570 .T5
245
1
0
_a
The History of the A.E.F.
260
_a
New York, NY
_b
George H. Doran Company
300
_a
0 pages
999
_c
1220
_d
1220